Matematika pre 2. ročník základnej školy Pracovný zošit pre žiakov. 1. časť ; Jiří Kabele, Marie Janků, Karel Hruša, Jaroslav Kotal, Víťazoslav Repáš, Jaroslav Béza

Bibliographic Details
Main Authors: Kabele, Jiří, 1906-1983 (Author), Janků, Marie (Author), Hruša, Karel, 1905-1971 (Author), Kotal, Jaroslav (Author)
Other Authors: Repáš, Víťazoslav (Translator)
Format: Book
Language:Slovak
PhysicalDescription:65 s., 7,20 AH Sch. Tb. 29 cm
Published: Bratislava Slovenské pedagogické nakladateľstvo 1984
Edition:8. vyd.

MARC

LEADER 00000nam a2200000 a 4500
001 vtls001119966
003 SK-MaSNL
005 20260301055711.0
008 250414s1984 xo 0 slo
015 |a SNBA1984/11 
035 |a SNK000062809 
040 |a SNK  |b slo  |c SNK  |e AACR2 
041 0 |a slo 
044 |a xo  |c SK 
080 |a 372.47(076.5)  |2 1981 
245 0 0 |a Matematika pre 2. ročník základnej školy  |b Pracovný zošit pre žiakov. 1. časť ; Jiří Kabele, Marie Janků, Karel Hruša, Jaroslav Kotal, Víťazoslav Repáš, Jaroslav Béza 
250 |a 8. vyd. 
260 |a Bratislava  |b Slovenské pedagogické nakladateľstvo  |c 1984  |e Bratislava  |f Polygrafické závody 
300 |a 65 s., 7,20 AH  |b Sch. Tb.  |c 29 cm 
366 |e 92000 výtl. 
500 |a Schválilo MŠ SSR. 
700 1 |a Kabele, Jiří,  |d 1906-1983  |4 aut  |9 106737 
700 1 |a Janků, Marie  |4 aut  |9 44570 
700 1 |a Hruša, Karel,  |d 1905-1971  |4 aut  |9 118753 
700 1 |a Kotal, Jaroslav  |4 aut  |9 280130 
700 1 |a Repáš, Víťazoslav  |4 trl  |9 280131 
700 1 |a Béza, Jaroslav,  |d 1918-2008  |4 bkd  |9 167996 
852 |a Slovenská národná knižnica 
958 |a OND 
958 |a UX 
958 |a TL 
999 |c 613989  |d 615919 
952 |a SNK  |b SNK  |y PREZ  |7 0  |p 17A0791288  |o snkSB 38142/1  |0 0  |1 0  |4 0  |d 2012-05-14  |f 1  |l 0  |r 2025-04-22 00:00:00  |w 2026-02-23 
952 |t P60, <04>, [BOOK], {604}  |a SNK  |b SNK  |y VYP  |7 0  |p 17A0207717  |o snkSB 38142/1 D1  |0 0  |1 0  |4 0  |d 1999-08-24  |l 0  |r 2004-12-31 00:00:00  |w 2026-02-23